[Event "EU-chT (Women) 5th"]
[Site "Plovdiv"]
[Date "2003.10.19"]
[Round "8"]
[White "Belic, Jordanka"]
[Black "Turauskiene, Renata"]
[Result "0-1"]
[WhiteElo "2319"]
[BlackElo "2218"]
[PlyCount "136"]
[EventDate "2003.10.10"]
[EventType "team-swiss"]
[EventRounds "9"]
[EventCountry "BUL"]
[SourceTitle "EXT 2020"]
[Source "ChessBase"]
[SourceDate "2019.10.17"]
[SourceVersion "1"]
[SourceVersionDate "2019.10.17"]
[SourceQuality "1"]
[WhiteTeam "Germany (W)"]
[BlackTeam "Lithuania (W)"]
[WhiteTeamCountry "GER"]
[BlackTeamCountry "LTU"]

1. e4 e5 2. Nf3 Nc6 3. Bc4 Nf6 4. d3 Be7 5. Bb3 0-0 6. 0-0 d6 7. c3 Be6 8. Bxe6 fxe6 9. Qb3 Qc8 10. Bg5 Nh5 11. Nbd2 Bxg5 12. Nxg5 Rf6 13. g3 Rb8 14. d4 exd4 15. f4 h6 16. Ngf3 dxc3 17. bxc3 Qe8 18. f5 Kh7 19. Rae1 e5 20. Nh4 Ne7 21. Ng2 g5 22. Ne3 Rf8 23. c4 Nf6 24. Rc1 c5 25. Qd3 Qc6 26. Rb1 Rfd8 27. Rb3 b6 28. h3 Rb7 29. g4 Kg7 30. Kh2 Kf7 31. Nd5 Nexd5 32. exd5 Qe8 33. Ne4 Qg8 34. Rfb1 Nxe4 35. Qxe4 Kf6 36. a4 Rdb8 37. Qe3 Qe8 38. h4 Qxa4 39. hxg5+ hxg5 40. Qh3 Kg7 41. f6+ Kg8 42. Qd3 Rh7+ 43. Kg3 Kh8 44. Ra3 Qd7 45. Rba1 a5 46. Rf1 Rf8 47. Rb3 Rh6 48. Rxb6 Rfxf6 49. Rxf6 Rxf6 50. Qb1 Qg7 51. Qh1+ Kg8 52. Qb1 Qh6 53. Kg2 Rf7 54. Qb5 Qf6 55. Rb8+ Kg7 56. Rb7 Qf3+ 57. Kh2 Qxg4 58. Rxf7+ Kxf7 59. Qa6 Qf4+ 60. Kg1 Qf6 61. Qxa5 Kg6 62. Qa2 e4 63. Qa8 e3 64. Qe8+ Kf5 65. Kf1 Kg4+ 66. Kg1 Qf2+ 67. Kh1 Kg3 68. Qxe3+ Qf3+ 0-1

[Event "EU-chT (Women) 5th"]
[Site "Plovdiv"]
[Date "2003.10.14"]
[Round "4"]
[White "Mamedjarova, Turkan"]
[Black "Turauskiene, Renata"]
[Result "0-1"]
[WhiteElo "2227"]
[BlackElo "2218"]
[PlyCount "88"]
[EventDate "2003.10.10"]
[EventType "team-swiss"]
[EventRounds "9"]
[EventCountry "BUL"]
[SourceTitle "EXT 2020"]
[Source "ChessBase"]
[SourceDate "2019.10.17"]
[SourceVersion "1"]
[SourceVersionDate "2019.10.17"]
[SourceQuality "1"]
[WhiteTeam "Azerbaijan (W)"]
[BlackTeam "Lithuania (W)"]
[WhiteTeamCountry "AZE"]
[BlackTeamCountry "LTU"]

1. e4 d5 2. exd5 Nf6 3. d4 Nxd5 4. Nf3 g6 5. Bc4 Bg7 6. 0-0 0-0 7. Nc3 c6 8. Bxd5 cxd5 9. Bf4 Nc6 10. Ne5 f6 11. Nxc6 bxc6 12. Re1 Re8 13. Qd2 e5 14. dxe5 fxe5 15. Bg5 Qb6 16. Rab1 Bf5 17. Ne2 Qc5 18. Rbc1 Qf8 19. Qc3 Rab8 20. Qa5 Qf7 21. Ng3 Be6 22. Bd2 e4 23. c3 c5 24. Qa3 Qb7 25. Rb1 Bf7 26. b4 cxb4 27. Rxb4 Qc7 28. Ra4 Bf8 29. Qc1 Bc5 30. Qd1 Qe5 31. Qe2 Be6 32. Kh1 Bd7 33. Ra5 Bb6 34. Ra3 Qf6 35. Rf1 h5 36. Kg1 h4 37. Nh1 h3 38. Be3 hxg2 39. Kxg2 Qh4 40. Rb1 Bg4 41. Qd2 Bh3+ 42. Kg1 Qg4+ 43. Ng3 Qf3 44. Qxd5+ Re6 0-1

[Event "Olympiad Women-35"]
[Site "Bled"]
[Date "2002.11.04"]
[Round "9.1"]
[White "Theissl Pokorna, Regina"]
[Black "Turauskiene, Renata"]
[Result "1-0"]
[WhiteElo "2362"]
[BlackElo "2198"]
[PlyCount "55"]
[EventDate "2002.10.26"]
[EventType "team-swiss"]
[EventRounds "14"]
[EventCountry "SLO"]
[SourceTitle "EXT 2003"]
[Source "ChessBase"]
[SourceDate "2002.11.25"]
[SourceVersion "1"]
[SourceVersionDate "2002.11.25"]
[SourceQuality "1"]
[WhiteTeam "Slovakia (W)"]
[BlackTeam "Lithuania (W)"]
[WhiteTeamCountry "SVK"]
[BlackTeamCountry "LTU"]

1. e4 e5 2. Nf3 Nc6 3. Bb5 Nd4 4. Nxd4 exd4 5. 0-0 Bc5 6. d3 c6 7. Bc4 d5 8. Bb3 Ne7 9. f4 0-0 10. f5 f6 11. Qh5 g6 12. fxg6 hxg6 13. Qh4 f5 14. Bg5 fxe4 15. Bf6 Bf5 16. dxe4 Rxf6 17. Qxf6 Bxe4 18. Qe6+ Kh8 19. Qe5+ Kh7 20. Rf7+ Kh6 21. Qg7+ Kh5 22. Qh7+ Kg5 23. Nd2 Qd6 24. Raf1 Qe5 25. Nxe4+ dxe4 26. h4+ Kg4 27. Qh6 d3+ 28. Kh1 1-0

[Event "Olympiad Women-35"]
[Site "Bled"]
[Date "2002.10.30"]
[Round "5.1"]
[White "Turauskiene, Renata"]
[Black "Starr, Nava"]
[Result "1-0"]
[WhiteElo "2198"]
[BlackElo "2207"]
[PlyCount "71"]
[EventDate "2002.10.26"]
[EventType "team-swiss"]
[EventRounds "14"]
[EventCountry "SLO"]
[SourceTitle "EXT 2003"]
[Source "ChessBase"]
[SourceDate "2002.11.25"]
[SourceVersion "1"]
[SourceVersionDate "2002.11.25"]
[SourceQuality "1"]
[WhiteTeam "Lithuania (W)"]
[BlackTeam "Canada (W)"]
[WhiteTeamCountry "LTU"]
[BlackTeamCountry "CAN"]

1. d4 Nf6 2. c4 c5 3. d5 g6 4. Nc3 Bg7 5. e4 d6 6. Nf3 0-0 7. Be2 Na6 8. h3 Nc7 9. Bf4 a6 10. a4 b6 11. 0-0 Rb8 12. e5 Nfe8 13. Qd2 Bd7 14. Bh6 dxe5 15. Bxg7 Kxg7 16. Nxe5 Nd6 17. Bg4 Be8 18. b3 f6 19. Nd3 h5 20. Bd1 e5 21. dxe6 Nxe6 22. Nd5 Nd4 23. a5 Ne4 24. Qf4 Ng5 25. axb6 Rxb6 26. Nxb6 Qxb6 27. b4 Qe6 28. Qc7+ Bf7 29. Nxc5 Qxc4 30. Rxa6 Qxb4 31. h4 Nb5 32. Qe7 Qxh4 33. Qxf6+ Kg8 34. Nd7 Re8 35. Ra5 Nf3+ 36. Qxf3 1-0

[Event "Olympiad Women-35"]
[Site "Bled"]
[Date "2002.10.29"]
[Round "4.1"]
[White "Turauskiene, Renata"]
[Black "Fierro Baquero, Martha Lorena"]
[Result "0-1"]
[WhiteElo "2198"]
[BlackElo "2384"]
[PlyCount "72"]
[EventDate "2002.10.26"]
[EventType "team-swiss"]
[EventRounds "14"]
[EventCountry "SLO"]
[SourceTitle "EXT 2003"]
[Source "ChessBase"]
[SourceDate "2002.11.25"]
[SourceVersion "1"]
[SourceVersionDate "2002.11.25"]
[SourceQuality "1"]
[WhiteTeam "Lithuania (W)"]
[BlackTeam "Ecuador (W)"]
[WhiteTeamCountry "LTU"]
[BlackTeamCountry "ECU"]

1. d4 g6 2. c4 Bg7 3. Nc3 d6 4. e4 Nf6 5. Nf3 0-0 6. Be2 e5 7. 0-0 Nc6 8. d5 Ne7 9. b4 a5 10. bxa5 Rxa5 11. Nd2 Nd7 12. Nb3 Ra8 13. Be3 f5 14. f3 f4 15. Bf2 h5 16. a4 g5 17. a5 Nf6 18. c5 Ng6 19. cxd6 cxd6 20. Nb5 Ne8 21. Rc1 Bd7 22. Bb6 Qe7 23. Nc7 Rc8 24. a6 bxa6 25. Bxa6 Rb8 26. Ba7 Rb4 27. Bf2 Ba4 28. Nxe8 Rxe8 29. Qd2 Rxb3 30. Qa5 Bd7 31. Rc7 g4 32. fxg4 hxg4 33. Bb7 g3 34. Be1 Qh4 35. h3 Bxh3 36. gxh3 Qxh3 0-1

[Event "Birstonas op"]
[Site "Birstonas"]
[Date "2002.08.22"]
[Round "6"]
[White "Dzjuba, Vsevolod"]
[Black "Turauskiene, Renata"]
[Result "1-0"]
[WhiteElo "2283"]
[BlackElo "2194"]
[PlyCount "97"]
[EventDate "2002.08.17"]
[EventType "swiss"]
[EventRounds "9"]
[EventCountry "LTU"]
[SourceTitle "CBM 089 Extra"]
[Source "ChessBase"]
[SourceDate "2002.09.10"]
[SourceVersion "2"]
[SourceVersionDate "2002.09.10"]
[SourceQuality "1"]

1. e4 e5 2. Nf3 Nc6 3. Bb5 a6 4. Ba4 Nf6 5. 0-0 Be7 6. Re1 b5 7. Bb3 0-0 8. h3 d6 9. c3 Nb8 10. d4 Nbd7 11. Nbd2 Bb7 12. Bc2 Re8 13. Nf1 Bf8 14. Ng3 g6 15. a4 c5 16. d5 c4 17. Bg5 h6 18. Be3 Nc5 19. Qd2 h5 20. Ra2 Nfd7 21. Bg5 Be7 22. Bh6 Bf6 23. Nf1 Nb6 24. a5 Nb3 25. Qe3 Na4 26. g4 hxg4 27. hxg4 Qxa5 28. g5 Bg7 29. Bxg7 Kxg7 30. N3d2 Nbc5 31. Ng3 Qd8 32. Bxa4 Nxa4 33. Nxc4 Nxc3 34. bxc3 bxc4 35. f4 exf4 36. Qxf4 Bxd5 37. Rd1 Be6 38. Rxd6 Qe7 39. Qe5+ f6 40. gxf6+ Qxf6 41. Nh5+ gxh5 42. Rg2+ Kf7 43. Rf2 Qxf2+ 44. Kxf2 h4 45. Qh5+ Ke7 46. e5 Ra7 47. Rxe6+ Kxe6 48. Qxe8+ Re7 49. Qh8 1-0

[Event "Plunge op"]
[Site "Plateliai"]
[Date "2001.??.??"]
[Round "?"]
[White "Batyte, Daiva"]
[Black "Turauskiene, Renata"]
[Result "1-0"]
[WhiteElo "2118"]
[BlackElo "2180"]
[PlyCount "115"]
[EventDate "2001.07.??"]
[EventType "swiss"]
[EventRounds "9"]
[EventCountry "LTU"]
[SourceTitle "EXT 2005"]
[Source "ChessBase"]
[SourceDate "2004.11.15"]
[SourceVersion "1"]
[SourceVersionDate "2004.11.15"]
[SourceQuality "1"]

1. e4 e5 2. Nf3 Nc6 3. d4 exd4 4. Nxd4 Nf6 5. Nc3 Bb4 6. Nxc6 bxc6 7. Bd3 d5 8. exd5 cxd5 9. 0-0 0-0 10. Bg5 c6 11. Ne2 h6 12. Bh4 Bg4 13. f3 Bc5+ 14. Kh1 Bh5 15. Nf4 g5 16. Nxh5 Nxh5 17. f4 Ng7 18. Bg3 Bd6 19. c3 f5 20. c4 h5 21. cxd5 h4 22. Be1 cxd5 23. fxg5 Qxg5 24. Qf3 f4 25. Rd1 Rad8 26. Be2 Be7 27. Ba5 Rd6 28. Bc7 Rf5 29. Bxd6 Bxd6 30. Rxd5 Rxd5 31. Bc4 Qe5 32. Qxd5+ Qxd5 33. Bxd5+ Kf8 34. g3 hxg3 35. hxg3 Nf5 36. Rxf4 Bxf4 37. gxf4 Ke7 38. Kg1 Kd6 39. Be4 Ng3 40. Bf3 Nf5 41. Kf2 Kc5 42. Be4 Nd6 43. Bg6 Kd4 44. Kf3 Nc4 45. b3 Nd6 46. Bh7 a5 47. Kg4 Kd5 48. Bg8+ Ke4 49. Kg5 Ne8 50. f5 Ke5 51. a3 Nd6 52. Be6 Ne4+ 53. Kg6 Nd6 54. Bd7 Ne4 55. Bc6 Nf6 56. b4 axb4 57. axb4 Ng4 58. b5 1-0

[Event "Plunge op"]
[Site "Plateliai"]
[Date "2001.??.??"]
[Round "?"]
[White "Turauskiene, Renata"]
[Black "Mozeris, Viktoras"]
[Result "0-1"]
[WhiteElo "2180"]
[BlackElo "2050"]
[PlyCount "66"]
[EventDate "2001.07.??"]
[EventType "swiss"]
[EventRounds "9"]
[EventCountry "LTU"]
[SourceTitle "EXT 2005"]
[Source "ChessBase"]
[SourceDate "2004.11.15"]
[SourceVersion "1"]
[SourceVersionDate "2004.11.15"]
[SourceQuality "1"]

1. e4 c6 2. d4 d5 3. exd5 cxd5 4. c4 Be6 5. Nc3 Nf6 6. Nf3 Nc6 7. c5 g6 8. Bb5 Bg7 9. Ne5 Qc8 10. Qa4 Bd7 11. 0-0 0-0 12. Re1 e6 13. b4 Nxd4 14. Bxd7 Nxd7 15. Nxd7 b5 16. cxb6 axb6 17. Nxb6 Qxc3 18. Bb2 Qxe1+ 19. Rxe1 Rxa4 20. Nxa4 Ra8 21. Nc3 Nc2 22. Rb1 Nxb4 23. Kf1 Nxa2 24. Ra1 Ra6 25. Ke1 Nb4 26. Rxa6 Nxa6 27. Kd2 Bxc3+ 28. Bxc3 Nc5 29. f3 Nd7 30. Kd3 e5 31. g4 f6 32. f4 Kf7 33. g5 fxg5 0-1

[Event "LTU-ch (Women)"]
[Site "Marijampole"]
[Date "1996.??.??"]
[Round "6"]
[White "Turauskiene, Renata"]
[Black "Milasiute, Vygante"]
[Result "0-1"]
[WhiteElo "2220"]
[BlackElo "2060"]
[PlyCount "112"]
[EventDate "1996.??.??"]
[EventType "tourn"]
[EventRounds "11"]
[EventCountry "LTU"]
[SourceTitle "EXT 1997"]
[Source "ChessBase"]
[SourceDate "1996.11.15"]
[SourceVersion "1"]
[SourceVersionDate "1996.11.15"]
[SourceQuality "1"]

1. Nf3 d5 2. c4 d4 3. e3 Nc6 4. d3 g6 5. exd4 Nxd4 6. Nxd4 Qxd4 7. Nc3 Bg7 8. Be3 Qd8 9. Be2 e5 10. 0-0 Ne7 11. Bc5 Be6 12. Bg4 0-0 13. Bxe6 fxe6 14. Qg4 Rf5 15. Ne4 b6 16. Be3 Qd7 17. Rad1 c5 18. h4 Nc6 19. Ng3 Rf7 20. h5 gxh5 21. Qxh5 Raf8 22. Ne4 Rf5 23. Qg4 Kh8 24. Rfe1 Nd4 25. Bg5 h6 26. Qh4 Rxg5 27. Nxg5 Qe7 28. Re4 Qxg5 29. Qxg5 hxg5 30. g4 Kh7 31. Kg2 Kg6 32. Rde1 Nc2 33. Rd1 Nb4 34. a3 Nc6 35. Ra1 Rf7 36. f3 Rd7 37. Rd1 Nd8 38. b4 cxb4 39. axb4 Nc6 40. c5 bxc5 41. bxc5 Rb7 42. Rd2 Kf6 43. Ra4 a5 44. Rda2 Bf8 45. Rc4 Rb3 46. Rd2 Be7 47. Kg3 Bd8 48. Kf2 Bc7 49. Ke3 Nb4 50. Rh2 Nxd3 51. Kd2 Rb2+ 52. Rc2 Rxc2+ 53. Kxc2 Nxc5 54. Kc3 e4 55. Rf2 Bg3 56. Rf1 e3 0-1

[Event "LTU-ch (Women)"]
[Site "Marijampole"]
[Date "1996.??.??"]
[Round "11"]
[White "Turauskiene, Renata"]
[Black "Sarakauskiene, Zivile"]
[Result "1-0"]
[WhiteElo "2220"]
[BlackElo "2020"]
[PlyCount "51"]
[EventDate "1996.??.??"]
[EventType "tourn"]
[EventRounds "11"]
[EventCountry "LTU"]
[SourceTitle "EXT 1997"]
[Source "ChessBase"]
[SourceDate "1996.11.15"]
[SourceVersion "1"]
[SourceVersionDate "1996.11.15"]
[SourceQuality "1"]

1. e4 d5 2. exd5 Nf6 3. c4 c6 4. d4 cxd5 5. Nc3 e6 6. Bg5 Be7 7. Nf3 Nc6 8. Be2 dxc4 9. Bxc4 0-0 10. 0-0 b6 11. Qd2 Bb7 12. Rad1 Rc8 13. Qf4 h6 14. Bxh6 gxh6 15. Qxh6 Nb4 16. Ne5 Nh7 17. Bd3 Nxd3 18. Rxd3 Bg5 19. Rg3 Kh8 20. Qh5 Rc7 21. Nb5 Bh4 22. Rg4 Bf6 23. Nxc7 Qxc7 24. Qh6 Bxe5 25. Rh4 f6 26. Qxf8# 1-0

[Event "LTU-ch sf"]
[Site "Vilnius"]
[Date "1995.08.03"]
[Round "8"]
[White "Sarakauskiene, Zivile"]
[Black "Turauskiene, Renata"]
[Result "1-0"]
[WhiteElo "2035"]
[BlackElo "2220"]
[PlyCount "51"]
[EventDate "1995.07.??"]
[EventType "swiss"]
[EventRounds "9"]
[EventCountry "LTU"]
[SourceTitle "EXT 2005"]
[Source "ChessBase"]
[SourceDate "2004.11.15"]
[SourceVersion "1"]
[SourceVersionDate "2004.11.15"]
[SourceQuality "1"]

1. e4 e5 2. Nf3 Nc6 3. d4 exd4 4. c3 d5 5. exd5 Qxd5 6. cxd4 Bb4+ 7. Nc3 Qd6 8. Be2 Nf6 9. 0-0 0-0 10. a3 Ba5 11. Qd3 Bb6 12. Rd1 Bg4 13. Nb5 Qe7 14. Be3 Rad8 15. h3 Bh5 16. Qc4 Rfe8 17. Nc3 Qd6 18. Rd2 Nd5 19. Nxd5 Qxd5 20. Qxd5 Rxd5 21. Rad1 h6 22. g4 Bg6 23. Bc4 Rdd8 24. b4 Be4 25. Kg2 Ne7 26. Kg3 1-0

[Event "Olympiad Women-30"]
[Site "Manila"]
[Date "1992.06.24"]
[Round "14"]
[White "Skripchenko, Almira"]
[Black "Turauskiene, Renata"]
[Result "1-0"]
[WhiteElo "2155"]
[BlackElo "2280"]
[PlyCount "91"]
[EventDate "1992.06.07"]
[EventType "team-swiss"]
[EventRounds "14"]
[EventCountry "PHI"]
[SourceTitle "EXT 2019"]
[Source "ChessBase"]
[SourceDate "2018.10.10"]
[SourceVersion "1"]
[SourceVersionDate "2018.10.10"]
[SourceQuality "1"]
[WhiteTeam "Moldova (W)"]
[BlackTeam "Lithuania (W)"]
[WhiteTeamCountry "MDA"]
[BlackTeamCountry "LTU"]

1. e4 e5 2. Nf3 Nc6 3. Bb5 Nd4 4. Nxd4 exd4 5. d3 Bc5 6. Qh5 Qe7 7. Bg5 Qe5 8. Bc4 g6 9. Qh4 c6 10. f4 Bb4+ 11. Kf2 Qg7 12. e5 h6 13. Bf6 Nxf6 14. exf6 Qf8 15. a3 Ba5 16. b4 Bc7 17. Re1+ Kd8 18. Bxf7 Qxf7 19. Re7 Qd5 20. Rh7 Rf8 21. Rxh6 Qe6 22. Rh8 Qe3+ 23. Kf1 Bd6 24. Nc3 Rxh8 25. Qxh8+ Kc7 26. Ne4 Qxf4+ 27. Kg1 Be5 28. Rf1 Qe3+ 29. Kh1 Qe2 30. Kg1 b6 31. Qh6 Ba6 32. f7 Qe3+ 33. Qxe3 dxe3 34. f8Q Rxf8 35. Rxf8 d5 36. Rf7+ Kb8 37. Ng5 d4 38. Nf3 Bd6 39. Nxd4 Bb7 40. c3 c5 41. Nb5 Be5 42. d4 cxd4 43. cxd4 e2 44. Kf2 Bxh2 45. Rf8+ Bc8 46. Nxa7 1-0

[Event "Olympiad Women-30"]
[Site "Manila"]
[Date "1992.06.20"]
[Round "11"]
[White "Turauskiene, Renata"]
[Black "Puljek Salai, Zorica"]
[Result "1/2-1/2"]
[WhiteElo "2280"]
[BlackElo "2190"]
[PlyCount "38"]
[EventDate "1992.06.07"]
[EventType "team-swiss"]
[EventRounds "14"]
[EventCountry "PHI"]
[SourceTitle "EXT 2019"]
[Source "ChessBase"]
[SourceDate "2018.10.10"]
[SourceVersion "1"]
[SourceVersionDate "2018.10.10"]
[SourceQuality "1"]
[WhiteTeam "Lithuania (W)"]
[BlackTeam "Croatia (W)"]
[WhiteTeamCountry "LTU"]
[BlackTeamCountry "CRO"]

1. Nf3 d6 2. d4 Bg4 3. c4 Nd7 4. e4 e5 5. Be2 Be7 6. 0-0 Bxf3 7. Bxf3 Bg5 8. Nc3 c6 9. dxe5 dxe5 10. Bg4 Bxc1 11. Bxd7+ Qxd7 12. Qxd7+ Kxd7 13. Raxc1 Nf6 14. f3 Rhd8 15. Rfd1+ Kc7 16. Kf2 Rxd1 17. Rxd1 Nd7 18. Ke3 Nc5 19. g3 Ne6 1/2-1/2

[Event "Olympiad Women-30"]
[Site "Manila"]
[Date "1992.06.14"]
[Round "6"]
[White "Turauskiene, Renata"]
[Black "Heinatz, Gundula"]
[Result "0-1"]
[WhiteElo "2280"]
[BlackElo "2240"]
[PlyCount "58"]
[EventDate "1992.06.07"]
[EventType "team-swiss"]
[EventRounds "14"]
[EventCountry "PHI"]
[SourceTitle "EXT 2019"]
[Source "ChessBase"]
[SourceDate "2018.10.10"]
[SourceVersion "1"]
[SourceVersionDate "2018.10.10"]
[SourceQuality "1"]
[WhiteTeam "Lithuania (W)"]
[BlackTeam "Germany (W)"]
[WhiteTeamCountry "LTU"]
[BlackTeamCountry "GER"]

1. Nf3 c5 2. g3 Nf6 3. Bg2 g6 4. b3 Bg7 5. Bb2 0-0 6. 0-0 d5 7. c4 dxc4 8. bxc4 Nc6 9. Ne5 Nxe5 10. Bxe5 Ne8 11. Bxg7 Kxg7 12. d3 h5 13. Nc3 h4 14. Ne4 hxg3 15. fxg3 Bf5 16. Ng5 Qd4+ 17. Kh1 Qe3 18. Qc1 Qxe2 19. Re1 Qxd3 20. Rxe7 Nf6 21. Qf1 Rad8 22. Qxd3 Rxd3 23. Bxb7 Rd2 24. h3 Nh5 25. Re3 Kh6 26. h4 f6 27. Ne4 Bxe4+ 28. Bxe4 Re8 29. g4 Rxe4 0-1